<?xml version="1.0" encoding="UTF-8"?>
<record
    xmlns:xsi="http://www.w3.org/2001/XMLSchema-instance"
    xsi:schemaLocation="http://www.loc.gov/MARC21/slim http://www.loc.gov/standards/marcxml/schema/MARC21slim.xsd"
    xmlns="http://www.loc.gov/MARC21/slim">

  <leader>01451nam a22001577a 4500</leader>
  <datafield tag="082" ind1=" " ind2=" ">
    <subfield code="a">621</subfield>
  </datafield>
  <datafield tag="100" ind1=" " ind2=" ">
    <subfield code="a">Hassan, Ali </subfield>
    <subfield code="9">122522</subfield>
  </datafield>
  <datafield tag="245" ind1=" " ind2=" ">
    <subfield code="a">CFD in Drinking Water Treatment</subfield>
    <subfield code="c">Ali Hassan</subfield>
  </datafield>
  <datafield tag="264" ind1=" " ind2=" ">
    <subfield code="a">Islamabad : </subfield>
    <subfield code="b">SMME- NUST; </subfield>
    <subfield code="c">2022.</subfield>
  </datafield>
  <datafield tag="300" ind1=" " ind2=" ">
    <subfield code="a">57p.</subfield>
    <subfield code="b">Soft Copy</subfield>
    <subfield code="c">30cm</subfield>
  </datafield>
  <datafield tag="500" ind1=" " ind2=" ">
    <subfield code="a">An upgraded model was developed by employing a combination of Eulerian-Eulerian two-phase
approach and user defined function (UDF) to solve the water-ozone flow and interaction in an
ozone contactor using computational fluid dynamics (CFD). Moreover, geometric configuration
of the contactor was optimized to improve the performance of the contactor. As indicators
Residence Time Distribution (RTD) and Dissolved Ozone Concentration (C) were used for
single phase and two-phase CFD models. Validation of experimental data already available in
the literature was done for RTD and then its impact on C was studied using different contactor
configurations. From simulations it was evident that optimizing structural configurations can
greatly reduce the size of recirculation zones, dead zones and short-circuiting. As a result, an
increase of 71.6% was observed in dissolved ozone concentration in the geometry containing
double-sided horizontal baffles. </subfield>
  </datafield>
  <datafield tag="650" ind1=" " ind2=" ">
    <subfield code="a">MS Mechanical Engineering      </subfield>
    <subfield code="9">119495</subfield>
  </datafield>
  <datafield tag="700" ind1=" " ind2=" ">
    <subfield code="a">Supervisor : Dr. Niaz Bahadur Khan</subfield>
    <subfield code="9">122293</subfield>
  </datafield>
  <datafield tag="856" ind1=" " ind2=" ">
    <subfield code="u">http://10.250.8.41:8080/xmlui/handle/123456789/30593</subfield>
  </datafield>
  <datafield tag="942" ind1=" " ind2=" ">
    <subfield code="2">ddc</subfield>
    <subfield code="c">THE</subfield>
  </datafield>
  <datafield tag="999" ind1=" " ind2=" ">
    <subfield code="c">609003</subfield>
    <subfield code="d">609003</subfield>
  </datafield>
  <datafield tag="952" ind1=" " ind2=" ">
    <subfield code="0">0</subfield>
    <subfield code="1">0</subfield>
    <subfield code="4">0</subfield>
    <subfield code="7">0</subfield>
    <subfield code="a">SMME</subfield>
    <subfield code="b">SMME</subfield>
    <subfield code="c">EB</subfield>
    <subfield code="d">2024-04-29</subfield>
    <subfield code="l">0</subfield>
    <subfield code="o">621</subfield>
    <subfield code="p">SMME-TH-759</subfield>
    <subfield code="r">2024-04-29</subfield>
    <subfield code="w">2024-04-29</subfield>
    <subfield code="y">THE</subfield>
  </datafield>
</record>
